00500nam a2200193 a 4500001001300000003000900013005001700022008004100039020001000080082001400090100001900104245003800123260004000161300000900201500003500210505002300245650001900268700001900287nice12345678IN_TiNIC20260116015339.0100205s1963 lona grp 000 0 eng  ac25000a270bROP1 aRops, Daniel H aChurch in the Seventeenth Century aLondon bJ.M.Dent&sons Ltd., c1963 a466p aincludes index and biblioraphy2 aBibliography,Index aChurch-History1 aRops, Daniel H